[Event "Milan Palladino Memorial-B 7th"]
[Site "Milan"]
[Date "2015.04.06"]
[Round "6"]
[White "Nikonov, Maxim"]
[Black "Ceraulo, Carlo Alberto"]
[Result "1-0"]
[WhiteElo "1507"]
[BlackElo "1467"]
[PlyCount "85"]
[EventDate "2015.04.02"]
[EventType "swiss"]
[EventRounds "7"]
[EventCountry "ITA"]
[SourceTitle "EXT 2017"]
[Source "ChessBase"]
[SourceDate "2016.10.25"]
[SourceVersion "1"]
[SourceVersionDate "2016.10.25"]
[SourceQuality "1"]

1. e4 c6 2. d4 d5 3. Nc3 dxe4 4. Nxe4 Bf5 5. Ng3 Bg6 6. h4 h6 7. Nf3 Nd7 8. h5 Bh7 9. Bd3 Bxd3 10. Qxd3 e6 11. Bf4 Qa5+ 12. Bd2 Qc7 13. 0-0-0 Ngf6 14. Kb1 Bd6 15. Ne4 Nxe4 16. Qxe4 a5 17. g4 Nf6 18. Qe2 0-0-0 19. Ne5 Bxe5 20. dxe5 Nd5 21. g5 Ne7 22. gxh6 gxh6 23. c3 b5 24. b4 a4 25. f4 Nf5 26. Be1 Rxd1+ 27. Qxd1 Qd7 28. Qxd7+ Kxd7 29. Rg1 Kc7 30. Bf2 Kb7 31. Kc2 Rd8 32. Rd1 Rxd1 33. Kxd1 Ne7 34. Kd2 Nd5 35. Be3 Kc7 36. f5 exf5 37. Bxh6 Kd7 38. Bg7 Ne7 39. h6 Ng6 40. h7 Ke6 41. h8Q Nxh8 42. Bxh8 Kd5 43. Kd3 1-0

[Event "Milan Palladino Memorial-B 7th"]
[Site "Milan"]
[Date "2015.04.04"]
[Round "3"]
[White "Biava, Pierluigi"]
[Black "Ceraulo, Carlo Alberto"]
[Result "1-0"]
[WhiteElo "1609"]
[BlackElo "1467"]
[PlyCount "69"]
[EventDate "2015.04.02"]
[EventType "swiss"]
[EventRounds "7"]
[EventCountry "ITA"]
[SourceTitle "EXT 2017"]
[Source "ChessBase"]
[SourceDate "2016.10.25"]
[SourceVersion "1"]
[SourceVersionDate "2016.10.25"]
[SourceQuality "1"]

1. c4 c6 2. Nc3 d5 3. e3 Nf6 4. cxd5 cxd5 5. Nf3 Nc6 6. d4 Bg4 7. h3 Bxf3 8. gxf3 e6 9. a3 a6 10. b3 Qc7 11. Bb2 g6 12. Bd3 Bg7 13. Rc1 0-0 14. f4 Rfe8 15. h4 Qe7 16. h5 Nxh5 17. Rxh5 gxh5 18. Qxh5 f5 19. Ne2 Rf8 20. Ng3 Qf7 21. Qe2 Rfc8 22. b4 Ne7 23. Rb1 Rc7 24. Kd2 Nc8 25. Rg1 Nd6 26. Nh5 Qf8 27. f3 Nc4+ 28. Bxc4 dxc4 29. Kc3 b5 30. Qg2 Qf7 31. Qh3 Kh8 32. Rxg7 Qxh5 33. Qxh5 Rxg7 34. d5 exd5 35. Kc2 1-0

[Event "Milan Giugno B"]
[Site "Milan"]
[Date "2014.05.29"]
[Round "1"]
[White "Colica, Daniele"]
[Black "Ceraulo, Carlo Alberto"]
[Result "1-0"]
[WhiteElo "1711"]
[BlackElo "1520"]
[PlyCount "47"]
[EventDate "2014.05.29"]
[EventType "swiss"]
[EventRounds "6"]
[EventCountry "ITA"]
[SourceTitle "EXT 2024"]
[Source "ChessBase"]
[SourceDate "2023.10.10"]
[SourceVersion "1"]
[SourceVersionDate "2023.10.10"]
[SourceQuality "1"]

1. e4 c6 2. Nc3 d5 3. Nf3 dxe4 4. Nxe4 Bf5 5. Ng3 Bg6 6. h4 h6 7. Ne5 Bh7 8. Qh5 g6 9. Bc4 e6 10. Qe2 Nf6 11. Nxf7 Qe7 12. Nxh8 Nd5 13. d3 Nd7 14. 0-0 0-0-0 15. Re1 e5 16. Qg4 Qf6 17. Nxg6 Bxg6 18. Be3 Nxe3 19. Rxe3 Qd6 20. Qe6 Kc7 21. h5 Bh7 22. Rf3 Bg7 23. Rf7 Rg8 24. Re7 1-0

[Event "Milan Crespi op-C 33rd"]
[Site "Milan"]
[Date "2012.12.08"]
[Round "4"]
[White "Ceraulo, Carlo Alberto"]
[Black "Lavorgna, Francesco"]
[Result "1-0"]
[WhiteElo "1544"]
[BlackElo "1419"]
[PlyCount "75"]
[EventDate "2012.12.05"]
[EventType "swiss"]
[EventRounds "7"]
[EventCountry "ITA"]
[SourceTitle "EXT 2024"]
[Source "ChessBase"]
[SourceDate "2023.10.10"]
[SourceVersion "1"]
[SourceVersionDate "2023.10.10"]
[SourceQuality "1"]

1. d4 Nf6 2. c4 g6 3. Nc3 Bg7 4. e4 d6 5. Be2 0-0 6. Bg5 e5 7. dxe5 dxe5 8. Qxd8 Rxd8 9. Nd5 Nbd7 10. Nxc7 Rb8 11. Nd5 h6 12. Be3 b6 13. f3 Nxd5 14. cxd5 Nc5 15. Bb5 f5 16. b4 Nb7 17. Ne2 Nd6 18. Bc6 fxe4 19. fxe4 Nxe4 20. 0-0 Bb7 21. Rac1 Nf6 22. Nc3 Ba8 23. Rfd1 Nd7 24. Ne4 Nf6 25. Nxf6+ Bxf6 26. Bxh6 g5 27. Bxa8 Rxa8 28. Rc6 Kf7 29. Rf1 Kg6 30. Rcxf6+ Kh5 31. d6 Rh8 32. Bf8 e4 33. Be7 Rae8 34. Rf8 Rhxf8 35. Rxf8 Rxf8 36. Bxf8 e3 37. Kf1 Kg6 38. d7 1-0